Petroleum Production Systems (Record no. 9541)

MARC details
000 -LEADER
fixed length control field 00566nam a22002177a 4500
003 - CONTROL NUMBER IDENTIFIER
control field OSt
005 - DATE AND TIME OF LATEST TRANSACTION
control field 20251008101945.0
008 - FIXED-LENGTH DATA ELEMENTS--GENERAL INFORMATION
fixed length control field 251008b |||||||| |||| 00| 0 eng d
020 ## - INTERNATIONAL STANDARD BOOK NUMBER
International Standard Book Number 013658683X
040 ## - CATALOGING SOURCE
Transcribing agency DDC
082 ## - DEWEY DECIMAL CLASSIFICATION NUMBER
Classification number 553.28 ECO 2017
100 ## - MAIN ENTRY--PERSONAL NAME
Relator code Economides, Michael; [et..al]
245 ## - TITLE STATEMENT
Title Petroleum Production Systems
250 ## - EDITION STATEMENT
Edition statement Inter. ed.
260 ## - PUBLICATION, DISTRIBUTION, ETC. (IMPRINT)
Place of publication, distribution, etc. UK; Prentice, 2017
300 ## - PHYSICAL DESCRIPTION
Extent xl,740p; Ill: 24cm
504 ## - BIBLIOGRAPHY, ETC. NOTE
Bibliography, etc Appendices, & index included
650 ## - SUBJECT ADDED ENTRY--TOPICAL TERM
Source of heading or term Petroleum Production
650 ## - SUBJECT ADDED ENTRY--TOPICAL TERM
Source of heading or term Petroleum engineering
942 ## - ADDED ENTRY ELEMENTS (KOHA)
Source of classification or shelving scheme Other/Generic Classification Scheme
Koha item type Open Shelf
Holdings
Withdrawn status Lost status Source of classification or shelving scheme Damaged status Not for loan Home library Current library Date acquired Source of acquisition Inventory number Total Checkouts Full call number Barcode Date last seen Koha item type
    Dewey Decimal Classification     Main Kihumuro Campus Main Kihumuro Campus 08/10/2025 purchase 25/42394   553.28 ECO 2017 2025-0081 08/10/2025 Open Shelf
    Dewey Decimal Classification     Main Kihumuro Campus Main Kihumuro Campus 08/10/2025 purchase 25/42395   553.28 ECO 2017 2025-0082 08/10/2025 Open Shelf